| 000 | 00684cab a2200217 4500 | ||
|---|---|---|---|
| 001 | L136506 | ||
| 008 | 070205n2007 000 0 eng u | ||
| 035 | _a(Sirsi) u136506 | ||
| 041 | 0 | _aeng | |
| 100 | 1 | _aSmall, Jonathan | |
| 245 | 0 | 0 | _aLook behind the mast |
| 260 | _c2007 | ||
| 490 | 0 | 0 |
_aEstates Gazette _v(0704) 27 January 2007, 178-180(3) |
| 520 | _aLooks at the problems caused for landlords by renting roof space to mobile phone operators and considers some of them. | ||
| 590 | _aKA | ||
| 650 | 2 | 4 | _aTELECOMMUNICATIONS ACT 1984 SCH 2 |
| 650 | 2 | 4 | _aCOMMUNICATIONS ACT 2003 |
| 650 | 2 | 4 | _aLANDLORD AND TENANT ACT 1954 |
| 700 | 1 | _aRadley-Gardner, Oliver | |
| 942 | _n0 | ||
| 999 |
_c78319 _d78319 |
||